000 00583nam a2200181Ia 4500
999 _c23467
_d23467
003 OSt
005 20200214160349.0
008 190216s9999||||xx |||||||||||||| ||und||
020 _a9788192686134
040 _coclc
082 _a297
_bASH/N
100 _aAshareefurradiyy, Assayyid
_92010
245 0 _aNahjul Balagah (Vagvilasathinte Rajapatha) :
_bHazrath Ali Speeches And Letters /
_c Assayyid Ashareefurradiyy
260 _bVachanam Books,
_c2014.
_aCalicut:
300 _a512p
650 _aIslamic History
942 _cBK
_2ddc
_h297
_iASH/N
_k297
_mASH/N